000 00430nam a2200181Ia 4500
001 19784
005 20260306172718.0
008 260306t2011||||xx |||||||||||||| ||spa||
041 _aESP
082 _a341.1
_bF52 2011
100 _aFinnis, John
_eAUT
245 0 _aNatural law and natural rights
260 _c2011
300 _axvi, 494 páginas :
_c23 cm.
650 _aGEN
654 _aCDE
942 _cLIB
_dJUS
_fJUS
_2ddc
_n
999 _c19784
_d19784